<?xml version="1.0" encoding="UTF-8"?>
<record
    xmlns:xsi="http://www.w3.org/2001/XMLSchema-instance"
    xsi:schemaLocation="http://www.loc.gov/MARC21/slim http://www.loc.gov/standards/marcxml/schema/MARC21slim.xsd"
    xmlns="http://www.loc.gov/MARC21/slim">

  <leader>00330nam a22001577a 4500</leader>
  <controlfield tag="003">SGT</controlfield>
  <datafield tag="020" ind1=" " ind2=" ">
    <subfield code="a">9789356966192</subfield>
  </datafield>
  <datafield tag="082" ind1=" " ind2=" ">
    <subfield code="a">617.96</subfield>
    <subfield code="b">S25Y</subfield>
  </datafield>
  <datafield tag="100" ind1=" " ind2=" ">
    <subfield code="a">YADAV, AJAY </subfield>
  </datafield>
  <datafield tag="245" ind1=" " ind2=" ">
    <subfield code="a">SHORT TB. OF ANESTHESIA</subfield>
  </datafield>
  <datafield tag="250" ind1=" " ind2=" ">
    <subfield code="a">7TH</subfield>
  </datafield>
  <datafield tag="260" ind1=" " ind2=" ">
    <subfield code="a">INDIA</subfield>
    <subfield code="b">JAYPEE PUB</subfield>
    <subfield code="c">2025</subfield>
  </datafield>
  <datafield tag="300" ind1=" " ind2=" ">
    <subfield code="a">360</subfield>
  </datafield>
  <datafield tag="650" ind1=" " ind2=" ">
    <subfield code="a">ANESTHESIA</subfield>
  </datafield>
  <datafield tag="942" ind1=" " ind2=" ">
    <subfield code="2">ddc</subfield>
    <subfield code="c">BK</subfield>
  </datafield>
  <datafield tag="952" ind1=" " ind2=" ">
    <subfield code="0">0</subfield>
    <subfield code="1">0</subfield>
    <subfield code="2">ddc</subfield>
    <subfield code="4">0</subfield>
    <subfield code="7">1</subfield>
    <subfield code="8">MEDICAL</subfield>
    <subfield code="a">FM</subfield>
    <subfield code="b">FM</subfield>
    <subfield code="c">REF</subfield>
    <subfield code="d">2025-11-29</subfield>
    <subfield code="e">ABC DELHI</subfield>
    <subfield code="g">750.00</subfield>
    <subfield code="i">SGTU</subfield>
    <subfield code="o">617.96 S25Y</subfield>
    <subfield code="p">FM16036</subfield>
    <subfield code="r">2026-01-27 00:00:00</subfield>
    <subfield code="w">2025-11-29</subfield>
    <subfield code="y">BK</subfield>
    <subfield code="k">22053</subfield>
  </datafield>
  <datafield tag="952" ind1=" " ind2=" ">
    <subfield code="0">0</subfield>
    <subfield code="1">0</subfield>
    <subfield code="2">ddc</subfield>
    <subfield code="4">0</subfield>
    <subfield code="7">0</subfield>
    <subfield code="8">MEDICAL</subfield>
    <subfield code="a">FM</subfield>
    <subfield code="b">FM</subfield>
    <subfield code="c">TXT</subfield>
    <subfield code="d">2025-11-29</subfield>
    <subfield code="e">ABC DELHI</subfield>
    <subfield code="g">750.00</subfield>
    <subfield code="i">SGTU</subfield>
    <subfield code="l">0</subfield>
    <subfield code="o">617.96 S25Y</subfield>
    <subfield code="p">FM16037</subfield>
    <subfield code="r">2026-01-27 00:00:00</subfield>
    <subfield code="w">2025-11-29</subfield>
    <subfield code="y">BK</subfield>
    <subfield code="k">22053</subfield>
  </datafield>
  <datafield tag="952" ind1=" " ind2=" ">
    <subfield code="0">0</subfield>
    <subfield code="1">0</subfield>
    <subfield code="2">ddc</subfield>
    <subfield code="4">0</subfield>
    <subfield code="7">0</subfield>
    <subfield code="8">MEDICAL</subfield>
    <subfield code="a">FM</subfield>
    <subfield code="b">FM</subfield>
    <subfield code="c">TXT</subfield>
    <subfield code="d">2025-11-29</subfield>
    <subfield code="e">ABC DELHI</subfield>
    <subfield code="g">750.00</subfield>
    <subfield code="i">SGTU</subfield>
    <subfield code="l">7</subfield>
    <subfield code="o">617.96 S25Y</subfield>
    <subfield code="p">FM16038</subfield>
    <subfield code="q">2026-06-10</subfield>
    <subfield code="r">2026-05-27 11:21:38</subfield>
    <subfield code="s">2026-05-27</subfield>
    <subfield code="w">2025-11-29</subfield>
    <subfield code="y">BK</subfield>
    <subfield code="k">22053</subfield>
  </datafield>
  <datafield tag="952" ind1=" " ind2=" ">
    <subfield code="0">0</subfield>
    <subfield code="1">0</subfield>
    <subfield code="2">ddc</subfield>
    <subfield code="4">0</subfield>
    <subfield code="7">0</subfield>
    <subfield code="8">MEDICAL</subfield>
    <subfield code="a">FM</subfield>
    <subfield code="b">FM</subfield>
    <subfield code="c">TXT</subfield>
    <subfield code="d">2025-11-29</subfield>
    <subfield code="e">ABC DELHI</subfield>
    <subfield code="g">750.00</subfield>
    <subfield code="i">SGTU</subfield>
    <subfield code="l">4</subfield>
    <subfield code="o">617.96 S25Y</subfield>
    <subfield code="p">FM16039</subfield>
    <subfield code="r">2026-05-06 00:00:00</subfield>
    <subfield code="s">2026-04-23</subfield>
    <subfield code="w">2025-11-29</subfield>
    <subfield code="y">BK</subfield>
    <subfield code="k">22053</subfield>
  </datafield>
  <datafield tag="952" ind1=" " ind2=" ">
    <subfield code="0">0</subfield>
    <subfield code="1">0</subfield>
    <subfield code="2">ddc</subfield>
    <subfield code="4">0</subfield>
    <subfield code="7">0</subfield>
    <subfield code="8">MEDICAL</subfield>
    <subfield code="a">FM</subfield>
    <subfield code="b">FM</subfield>
    <subfield code="c">TXT</subfield>
    <subfield code="d">2025-11-29</subfield>
    <subfield code="e">ABC DELHI</subfield>
    <subfield code="g">750.00</subfield>
    <subfield code="i">SGTU</subfield>
    <subfield code="l">1</subfield>
    <subfield code="o">617.96 S25Y</subfield>
    <subfield code="p">FM16040</subfield>
    <subfield code="r">2026-04-27 00:00:00</subfield>
    <subfield code="s">2026-04-13</subfield>
    <subfield code="w">2025-11-29</subfield>
    <subfield code="y">BK</subfield>
    <subfield code="k">22053</subfield>
  </datafield>
  <datafield tag="999" ind1=" " ind2=" ">
    <subfield code="c">33587</subfield>
    <subfield code="d">33587</subfield>
  </datafield>
</record>
